000 00594nam a22002057a 4500
003 OSt
005 20160808153216.0
008 160808b xxu||||| |||| 00| 0 eng d
020 _a0262062178
040 _cDDC.
082 _a005.13 FRI 2001.
100 _aFriedman,P.Daniel;Wand,Mitchell;Haynes,T,Christopher;
_910573
245 _aEssential of Programming Languages.
250 _a2nd ed.
260 _aUSA;
_bMassachusetts.
_c2001.
300 _axviii,389p;
_bill;
_c25cm.
504 _aincludes index and bibliography.
650 _aProgramming Languages.
_910574
942 _2ddc
_cO_SHELF
999 _c4929
_d4929